000 00462nab a2200145Ia 4500
003 ES-SlBCS
005 20210601132856.0
008 140529s1969 xxu||||| |||| 00| 0 ita d
041 _aita
100 1 _aBelohradsky, Vaclav
_953563
245 0 0 _aL'esistenza e il cosmo (Saggio sulla cosmicità)
_c Vaclav Belohradsky
650 0 4 _aExistencia-Cosmos
_9199716
773 0 _tGiornali di Metafisica
_gvol. 24, nº. 2-3, 1969, págs. 312-3335
_w0017-0372
942 _cAR
999 _c587038
_d587038